000 00612nam a22002052 4500
001 0000002817
005 20151217151905.0
008 070420s xx 000 0 eng d
020 _a019504012 :
040 _aKABU
_cKABU
050 0 _aPS3515
_b.U274Z698
100 1 _aRampsersad Arnold.
_@0000152329
245 1 4 _aThe Life of Langston Hughes. Volume 1 :
_b1902-1941 I, too, sing America.
260 _aOxford :
_bOUP,
_c1986.
300 _aviii, 486 p.
600 1 0 _aHughes, Langston
_xBiography.
_@0000152330
908 _a070420
950 _@1
999 _c6032
_d6032